Datum a čas kvízu
35
Celkem bodů
Celkový počet nahraných bodů na tomto kvízu bez doplňovacích otázek.
7.
Pořadí na kvízu
Konečné umístění týmu na tomto kvízu.
Zaznamenané odpovědi
| # | Otázka | Odpověď | Body | Výsledky |
|---|---|---|---|---|
| 1. | Minulý týden se rozhodlo o kon... | rumové pralinky | 1 | |
| 2. | V neděli 19. listopadu půjde d... | Napoleon Bonaparte | 1 | |
| 3. | Jedna hvězda akčních filmů zav... | Jean-Claude Van Damme | 1 | |
| 4. | Ostravský rodák Karel Orlita,... | exorcistů (vymítačů ďábla). | 1 | |
| 5. | Nejdřív ne, nakonec ano... Kte... | Tomáš Čvančara | 0 | |
| 6. | Fiktivní věda může být ta, kte... | warp | 1 | |
| 7. | Od konce 19. století už je pře... | éter | 1 | |
| 8. | Někdy se stává, že z těžko pře... | Jules Verne | 1 | |
| 9. | V seriálu Simpsonovi, konkrétn... | frenologie | 0 | |
| 10. | Nemůžeme opomenout Járu Cimrma... | dvoudílné plavky | 0 |